000
00325nam a22001457a 4500
020
_a
978-81-7436--1967
082
_a
641.5
_b
LUS
100
_a
LUSTRE PRESS
245
_a
DELHI KITCHEN
260
_a
DELHI
_b
LUSTER PRESS PUBLISHER
_c
2015
300
_a
96
650
_a
HOTEL MANAGEMENT
653
_a
KITCHEN
942
_2
ddc
_c
BK
999
_c
8116
_d
8116